Score 0/11 Timer 04:00
0 Plays Today
Hint Answer % Correct
PISHShip
95.9%
YOLHHoly
95.9%
WNOTTown
94.3%
DERIRRider
86.5%
ERTNUHHunter
84%
PPEERPPepper
83.9%
RIWRETWriter
74.6%
REPERSIWHWhisperer
62.7%
STUBREBuster
62.5%
Name in common with all the above:Ghost
58.7%
TEIROSSStories
42%

You're not logged in!

Compare scores with friends on all Sporcle quizzes.
OR
Log In

Sporcle TV

Today on Sporcle TV


Watch our educational content, quiz creation guides, and fun videos on Sporcle TV.

Show Comments

Extras

Top Quizzes Today


Score Distribution

Paid Content

Your Account Isn't Verified!

In order to create a playlist on Sporcle, you need to verify the email address you used during registration. Go to your Sporcle Settings to finish the process.

Report this User

Report this user for behavior that violates our Community Guidelines.

Details: